Coding theory

Saved in:
Bibliografiske detaljer
Hovedforfatter: Lint, Jack van Lint, Jacobus Hendricus van (autor)
Format: Bog
Sprog:engelsk
Udgivet: Berlín Springer-Verlag 1973
Serier:Lecture notes in mathematics, 201
Fag:
Tags: Tilføj Tag
Ingen Tags, Vær først til at tagge denne postø!

MARC

LEADER 00000nam a2200000 a 4500
001 UCW1456
003 CL-VaPUC
008 920701e19730000GW |||||||||||||||||eng|d
082 0 4 |a 003.54  |b LIN  |2 21 
100 |a Lint, Jack van   |e autor  |q Lint, Jacobus Hendricus van  |9 571310 
245 1 0 |a Coding theory 
300 |a 136 p 
942 |c BK 
945 |d 19920701 00:00:00 
260 |a Berlín  |b Springer-Verlag  |c 1973 
650 0 |a Teoría de la codificación  |9 263269 
583 |a last modification  |c 19920701 00:00:00  |k Rodrigo Vera 
490 0 |a Lecture notes in mathematics, 201 
999 |c 216344  |d 216342 
952 |0 0  |1 0  |4 0  |6 003_540000000000000_LIN_1973  |7 0  |8 A  |9 201998  |a BIBMAT  |b BIBMAT  |d 2019-11-14  |i 2691612  |o 003.54 LIN 1973  |p 2691612  |r 2025-01-07  |w 2019-11-14  |y BK  |k MAT